A Szegedi Tudományegyetem Általános Orvostudományi Kar tanrendje a 2000/01. tanévre
Elmentve itt :
| Dokumentumtípus: | Könyv |
|---|---|
| Megjelent: |
2000
|
| Sorozat: | [Orvostudományi Kar tanrendjei 1958-2013]
|
| Online Access: | http://univ.bibl.u-szeged.hu/49652 |
| LEADER | 00541nam a2200145 i 4500 | ||
|---|---|---|---|
| 001 | univ49652 | ||
| 005 | 20201006120433.0 | ||
| 008 | 190205s2000 hu o 0|| zxx d | ||
| 040 | |a SZTE UnivHistória Repozitórium |b hun | ||
| 041 | |a zxx | ||
| 245 | 0 | 2 | |a A Szegedi Tudományegyetem Általános Orvostudományi Kar tanrendje a 2000/01. tanévre |h [elektronikus dokumentum] |
| 260 | |c 2000 | ||
| 490 | 0 | |a [Orvostudományi Kar tanrendjei 1958-2013] | |
| 561 | |a Tanrend | ||
| 856 | 4 | 0 | |u http://univ.bibl.u-szeged.hu/49652/1/szote_tanrend_2000_01.pdf |z Dokumentum-elérés |